A boy called Bat / (Record no. 13956)
[ view plain ]
| 000 -LEADER | |
|---|---|
| fixed length control field | 01186cam a2200229 i 4500 |
| 020 ## - ISBN | |
| ISBN | 9781338274561 |
| 020 ## - ISBN | |
| ISBN | 9780062445827 |
| 082 ## - DEWEY DECIMAL CLASSIFICATION NUMBER | |
| Classification number | Fic Ar641 2017 |
| 100 1# - MAIN ENTRY--PERSONAL NAME | |
| Personal name | Arnold, Elana K. |
| 245 12 - TITLE STATEMENT | |
| Title | A boy called Bat / |
| Statement of responsibility, etc. | written by Elana K. Arnold ; with pictures by Charles Santoso. |
| 260 ## - PUBLICATION, DISTRIBUTION, ETC. (IMPRINT) | |
| Place of publication, distribution, etc. | New York, NY : |
| Name of publisher, distributor, etc. | Scholastic Inc., |
| Date of publication, distribution, etc. | c2017. |
| 300 ## - PHYSICAL DESCRIPTION | |
| Extent/Page number | 198 pages : |
| Other physical details | illustrations ; |
| Dimensions | 21 cm |
| 337 ## - MEDIA TYPE | |
| Media type term | unmediated |
| 520 ## - SUMMARY, ETC. | |
| Summary, etc. | For Bixby Alexander Tam (nicknamed Bat), life tends to be full of surprises -- some of them good, some not so good. Today, though, is a good-surprise day. Bat's mom, a veterinarian, has brought home a baby skunk, which she needs to take care of until she can hand him over to a wild-animal shelter. But the minute Bat meets the kit, he knows they belong together. And he's got one month to show his mom that a baby skunk might just make a pretty terrific pet. |
| 526 ## - STUDY PROGRAM INFORMATION NOTE | |
| PROGRAM TYPE | FICTION |
| 650 #0 - SUBJECT ADDED ENTRY--TOPICAL TERM | |
| Topical term or geographic name as entry element | Autism--Juvenile fiction. |
| 650 #0 - SUBJECT ADDED ENTRY--TOPICAL TERM | |
| Topical term or geographic name as entry element | Skunks as pets--Juvenile fiction. |
| 650 #0 - SUBJECT ADDED ENTRY--TOPICAL TERM | |
| Topical term or geographic name as entry element | Wildlife rehabilitation--Juvenile fiction. |
| 650 #0 - SUBJECT ADDED ENTRY--TOPICAL TERM | |
| Topical term or geographic name as entry element | Human-animal relationships--Juvenile fiction. |
| 700 1# - ADDED ENTRY--PERSONAL NAME/OTHER AUTHORS | |
| Personal name | Santoso, Charles. |
| 942 ## - ADDED ENTRY ELEMENTS | |
| Classification | |
| Item type | Book |
| Withdrawn status | Lost status | Source of classification or shelving scheme | Damaged status | Not for loan | Collection code | Permanent Location | Current Location | Shelving location | Date acquired | Source of acquisition | Inventory number | Total Checkouts | Full call number | Barcode | Date last seen | Date last checked out | Copy number | Price effective from | Item type |
|---|---|---|---|---|---|---|---|---|---|---|---|---|---|---|---|---|---|---|---|
| Fiction | High School Library | High School Library | 2025-12-09 | Scholastic | 8339 | 1 | Fic Ar641 2017 | HS8339 | 2026-02-12 | 2026-02-12 | 1 | 2025-12-09 | Book | ||||||
| Fiction | High School Library | High School Library | DEAR | 2025-12-09 | Scholastic | 8359 | Fic Ar641 2017 c.2 | HS8359 | 2026-02-12 | 2 | 2025-12-09 | Book | |||||||
| Fiction | High School Library | High School Library | DEAR | 2025-12-09 | Scholastic | 8360 | Fic Ar641 2017 c.3 | HS8360 | 2026-02-12 | 3 | 2025-12-09 | Book | |||||||
| Fiction | High School Library | High School Library | DEAR | 2025-12-09 | Scholastic | 8361 | Fic Ar641 2017 c.4 | HS8361 | 2026-02-12 | 4 | 2025-12-09 | Book |